The oldest iphone that - Statistics

General Stats
  • This quiz has been taken 13 times
  • The average score is 5 of 7
Answer Stats
Hint Answer % Correct
Supports Ios 26 Iphone 11
100%
Iphone you should buy Iphone 12
80%
Supports Esim Iphone XS
70%
Apple sells Iphone 15
60%
Generally functional Iphone 5s
50%
Supports Whatsapp Iphone 6s
50%
Supports 4k recording Iphone 6s
50%
No matching quizzes found
Score Distribution
Percent of People with Each Score
Percentile by Number Answered
Your Score History
You have not taken this quiz